Cargando...

Zulfi bhutto of pakistan : his life and times /

Detalles Bibliográficos
Autor Principal: Wolpert, stanley
Formato: Printed Book
Publicado: Delhi : Oxford university press, 1993.
Subjects:
LEADER 00518nam a22001457a 4500
020 |a 0195634470 
082 |a 320.5491  |b WOL.Z 
100 |a Wolpert, stanley. 
245 |a Zulfi bhutto of pakistan :  |b his life and times /  |c by stanley wolpert. 
260 |a Delhi :  |b Oxford university press,  |c 1993. 
300 |a 378 p. 
650 |a prime minister 
942 |c BK 
999 |c 301082  |d 301082 
952 |0 0  |1 0  |4 0  |6 320_549100000000000_WOL_Z  |7 0  |8 NFIC  |9 321503  |a POL  |b POL  |c GEN  |d 2020-10-01  |l 0  |o 320.5491 WOL.Z  |p POL15170  |r 2020-10-01  |w 2020-10-01  |y BK